00165 a2200073 450000100060000010000160000624500400002226000290006240870 aElliott S P aNew Illus encyclopedia of Knowledge aN WorkbPorthand Housec